000 00564nam a2200157 i 4500
001 21779
003 ES-MaACL
007 t|
008 021127s1866 sp ||||1| spa d
100 1 _aAlmagro, Manuel de.
_920072
245 1 0 _aBreve descripción de los viajes hechos en América por la Comisión Científica enviada por el gobierno de S. M. C. durante los años de 1862 a 1866 /
_cpor Manuel de Almagro.
260 _aMadrid :
_bM. Rivadeneyra,
_c1866.
300 _a174 p. :
_b2 map. ;
_c22 cm.
852 _aES-MaACL
_jT-268-F-1
852 _aES-MaACL
_jG-11452
999 _c21779
_d21779